| 000 | 00421nam a2200145 a 4500 | ||
|---|---|---|---|
| 020 | _a0047110147 (hb) | ||
| 082 |
_a307.12 _bMCL |
||
| 100 | 1 |
_aMclloughlin, J. Brainr _937622 |
|
| 245 | 1 |
_aUrban and regional planning a system approach _cJ. Brainr Mclloughlin |
|
| 260 |
_aLondon: _bFaber and Faber, _c1969 |
||
| 300 | _a331p. | ||
| 526 |
_a0 _b0 _c0 _d307_120000000000000_MCL |
||
| 650 | 0 | _aCity Planning | |
| 942 |
_2ddc _cBK |
||
| 999 |
_c542445 _d542445 |
||